000 00535nam a2200181Ia 4500
003 OSt
005 20250115093855.0
008 210210b1936 xxu||||| |||| 00| 0 eng d
040 _cAL
041 _akan
082 _a853/179
100 _aDORESVAMI AYYANGARA
_9161114
_dದೊರೆಸ್ವಾಮಿ ಅಯ್ಯಂಗಾರ
245 _aDharma jyoti:
_bಧರ್ಮ ಜ್ಯೋತಿ
260 _aDharavada
_bManohara Grantha Prakashana Samiti
_c1936
690 _aKannada Drama
_9161115
906 _a019449
942 _2ddc
_cBK
999 _c143568
_d143568